000 00310nam a22001217a 4500
008 181022b xxu||||| |||| 00| 0 eng d
041 _aeng
080 _a341
100 _a15
101 _aJUR
245 _aFreedom Of Specech Decisons The United States Supreme Court
_cHarrison.M,
942 _2udc
_cBK
999 _c50413
_d50413